Reforming land, valuation and housing tribunals (Record no. 72227)
[ view plain ]
| 000 -LEADER | |
|---|---|
| fixed length control field | 01980cam a2200289 4500 |
| 001 - CONTROL NUMBER | |
| control field | X121524 |
| 008 - FIXED-LENGTH DATA ELEMENTS--GENERAL INFORMATION | |
| fixed length control field | 030305n2003 000 0 eng u |
| 035 ## - SYSTEM CONTROL NUMBER | |
| System control number | (Sirsi) u121524 |
| 100 ## - MAIN ENTRY--PERSONAL NAME | |
| Personal name | Partington, M. |
| 245 ## - TITLE STATEMENT | |
| Title | Reforming land, valuation and housing tribunals |
| 260 ## - PUBLICATION, DISTRIBUTION, ETC. | |
| Date of publication, distribution, etc. | 2003 |
| 490 ## - SERIES STATEMENT | |
| Series statement | Legal Action |
| Volume/sequential designation | March 2003, 9(1) |
| 520 ## - SUMMARY, ETC. | |
| Summary, etc. | Introduces and summarises the Law Commission's consultation paper "Land, valuation and housing tribunals" available at www.lawcom.gov.uk. The consultation paper was commissioned by the Lord Chancellor's Department in late 2002 to follow up the reforming ideas in the Leggatt report "Tribunals for users - one system, one service" published in August 2001. The consultation paper sets out options for the reform and rationalisation of the structure and jurisdictions of the Lands Tribunal (LT), Leasehold Valuation Tribunal (LVT), Rent Assessment Committees (RAC), Rent Tribunal (RT), Agricultural Land Tribunal, Commons Commissioners, Valuation Tribunal and the adjudicator to HM Land Registry. Describes three options: retaining the same tribunals with some rationalisation, amalgamation of current first tier tribunals and, most radically, a completely unified tribunal. Analyses the jurisdictional overlaps between the tribunals and associated problems. Predicts that the government will shortly be announcing plans for a new Tribunals Service. |
| 650 ## - SUBJECT ADDED ENTRY--TOPICAL TERM | |
| Topical term or geographic name entry element | TRIBUNALS |
| 650 ## - SUBJECT ADDED ENTRY--TOPICAL TERM | |
| Topical term or geographic name entry element | LANDS TRIBUNAL |
| 650 ## - SUBJECT ADDED ENTRY--TOPICAL TERM | |
| Topical term or geographic name entry element | LEASEHOLD VALUATION TRIBUNAL |
| 650 ## - SUBJECT ADDED ENTRY--TOPICAL TERM | |
| Topical term or geographic name entry element | RENT ASSESSMENT COMMITTEE |
| 650 ## - SUBJECT ADDED ENTRY--TOPICAL TERM | |
| Topical term or geographic name entry element | RENT TRIBUNAL |
| 650 ## - SUBJECT ADDED ENTRY--TOPICAL TERM | |
| Topical term or geographic name entry element | AGRICULTURAL LAND TRIBUNAL |
| 650 ## - SUBJECT ADDED ENTRY--TOPICAL TERM | |
| Topical term or geographic name entry element | COMMONS COMMISSIONERS |
| 650 ## - SUBJECT ADDED ENTRY--TOPICAL TERM | |
| Topical term or geographic name entry element | VALUATION TRIBUNAL SERVICE |
| 650 ## - SUBJECT ADDED ENTRY--TOPICAL TERM | |
| Topical term or geographic name entry element | HM LAND REGISTRY ADJUDICATOR |
| 690 ## - LOCAL SUBJECT ADDED ENTRY--TOPICAL TERM (OCLC, RLIN) | |
| Topical term or geographic name as entry element | LAW-UK |
| 700 ## - ADDED ENTRY--PERSONAL NAME | |
| Personal name | Crilly, C. |
| 856 ## - ELECTRONIC LOCATION AND ACCESS | |
| Uniform Resource Identifier | <a href="https://www.justice.gov.uk/lawcommission/docs/cp170_Land_Valuation_and_Housing_Tribunals_Consultation.pdf">https://www.justice.gov.uk/lawcommission/docs/cp170_Land_Valuation_and_Housing_Tribunals_Consultation.pdf</a> |
| Public note | View the consultation free of charge at www.justice.gov.uk |
| 942 ## - ADDED ENTRY ELEMENTS (KOHA) | |
| Suppress in OPAC | 0 |
| Withdrawn status | Lost status | Source of classification or shelving scheme | Damaged status | Not for loan | Home library | Current library | Shelving location | Date acquired | Total Checkouts | Full call number | Barcode | Date last seen | Copy number | Price effective from | Koha item type |
|---|---|---|---|---|---|---|---|---|---|---|---|---|---|---|---|
| Dewey Decimal Classification | London | London | Journal article | 05/03/2003 | X121524 | 121524-1001 | 06/08/2019 | 1 | 06/08/2019 | Journal article |